000 005760000a22002530004500
082 _a510
_bM316h
518 _a2007-12-08
530 _aM
100 _aMannall, Geoff
100 _aKenwood, Michael
245 _aHeinemann modular mathematics for London as and A-level
020 _a0 435 51808 9
260 _aOxford
_bHeinemann
260 _c1995
300 _a440p.
041 _aEng
650 _aMathematics
650 _aAlgebra
650 _aGeometry
650 _aTrigonometry
650 _aDifferentiation
650 _aProbability
942 _cGEN
999 _c42553
_d42553